| Tag |
First Indicator |
Second Indicator |
Subfields |
| LEADER |
00000cam a2200000 4500 |
| 001 |
in00000028479 |
| 005 |
20151007061441.0 |
| 008 |
770429s1938 enkacf 00010 eng |
| 010 |
|
|
|a 38020950
|
| 035 |
|
|
|a (OCoLC)02928207
|
| 035 |
|
|
|9 AAD2124AM
|
| 040 |
|
|
|a DLC
|c WHE
|d TXA
|d UtOrBLW
|
| 049 |
|
|
|a TXAM
|c [220800]
|
| 050 |
|
0 |
|a PR4803.H44
|b Z53 1938
|
| 092 |
|
|
|a 821
|b H794f
|
| 100 |
1 |
|
|a Hopkins, Gerard Manley,
|d 1844-1889.
|
| 245 |
1 |
0 |
|a Further letters of Gerard Manley Hopkins :
|b including his correspondence with Coventry Patmore /
|c edited with notes and an introduction by Claude Colleer Abbott ...
|
| 264 |
|
1 |
|a London,
|a New York :
|b Oxford university press,
|c 1938.
|
| 300 |
|
|
|a xxxviii, 297 pages, 1 unnumbered page :
|b frontispiece, illustrations, plates, portraits ;
|c 23 cm.
|
| 336 |
|
|
|a text
|b txt
|2 rdacontent
|
| 337 |
|
|
|a unmediated
|b n
|2 rdamedia
|
| 338 |
|
|
|a volume
|b nc
|2 rdacarrier
|
| 700 |
1 |
|
|a Patmore, Coventry,
|d 1823-1896.
|
| 700 |
1 |
|
|a Abbott, Claude Colleer,
|d 1889-1971.
|
| 999 |
|
|
|a MARS
|
| 999 |
f |
f |
|s 7f30b436-19c5-3da1-a0f2-96ed403ddb54
|i ff4232b2-c8f0-3041-a25b-d619b6b58b4a
|t 0
|
| 952 |
f |
f |
|p normal
|a Texas A&M University
|b College Station
|c Sterling C. Evans Library
|s Evans stk
|d Evans: Library Stacks
|t 0
|e PR4803.H44 Z53 1938
|h Library of Congress classification
|i unmediated -- volume
|m A14801280919
|
| 998 |
f |
f |
|a PR4803.H44 Z53 1938
|t 0
|l Evans: Library Stacks
|